Statistiques concernant Intercommunalité des Alpes-Maritimes

Cliquez ici pour prendre le quiz!

Statistiques générales

  • Ce quiz a été pris 29 fois
  • Le résultat moyen est 4 sur 7

Statistiques - réponses

Nombres de communesIntercommunalités% Correct
51Métropole Nice Côte d'Azur
100%
5Communauté d'Agglomération Cannes Pays de Lérins
88%
15Communauté d'Agglomération de la Riviera Française
81%
24Communauté d'Agglomération Sophia Antipolis
77%
23Communauté d'Agglomération du Pays de Grasse
73%
34Communauté de Communes Alpes d'Azur
15%
11Communauté de Communes du Pays des Paillons
8%

Distribution des résultats

Percentile par nombre de réponses

% des personnes avec chaque résultat

Votre développement - résultats

Vous n’avez pas pris ce quiz